000
00260nam a2200109Ia 4500
005
20251222114352.0
008
251222s1900||||xx |||||||||||||| ||spa||
082
_a
DVD0070/F36E/1978
245
0
_a
Ensayo de orquesta
264
_b
Rossellini, Renzo
942
_c
DVD
999
_c
1266
_d
1266